000 01657cam a2200445 i 4500
001 0007414380
003 OSt
005 20260530095858.0
008 250210s2025 quca j 000 1 fre
020 _a9782925215837
020 _a2925215831
040 _aQMBN
_bfre
_erda
_cQMBN
_dQMBND
082 0 4 _aALB BIS
_bB621a
_223/fre/202510
_mb
082 0 4 _a843/.92
_bB621a
_223/fre/202510
082 0 4 _aC843/.92
_bB621a
_223/fre/202510
_mb
084 _aC848/.926
_bB621a
_2z
091 0 _aBIS
100 1 _aBisaillon, Josée
_d1982-
_eauteur
_eillustrateur
245 1 0 _aAujourd'hui, promis! /
_ctexte et illustrations : Josě Bisaillon
264 1 _a[Montrǎl] :
_bFonfon,
_c[2025]
300 _a1 volume (non pagin)̌ :
_billustrations en couleur ;
_c28 cm
336 _atexte
_btxt
_2rdacontent
336 _aimage fixe
_bsti
_2rdacontent
337 _asans mďiation
_bn
_2rdamedia
338 _avolume
_bnc
_2rdacarrier
490 1 _aHistoires de vivre
521 _aPour enfants de 4 1̉1 ans
650 7 _aDevoirs l̉a maison
_vFiction
_2vmj
650 7 _aProcrastination
_vFiction
_2vmj
650 7 _aDistraction
_vFiction
_2vmj
650 7 _aImagination
_vFiction
_2vmj
650 7 _aResponsabilit
_vFiction
_2vmj
650 7 _aDimanche
_vFiction
_2vmj
655 7 _aDocuments pour la jeunesse
_2rvmgf
655 7 _aLivres d'images
_2rvmgf
830 0 _aCollection Histoires de vivre
942 _2ddc
_cALBUM
999 _c18864
_d18864